000 00206nam a2200085Ia 4500
008 170620s9999 xx 000 0 und d
100 _aAiyars ramanatha
245 0 _aadvanced Law Lexicon
260 _b"Delhi
260 _c wadhwa nagpur"
999 _c29184
_d29184